| Tag |
First Indicator |
Second Indicator |
Subfields |
| LEADER |
00000cam a2200000 a 4500 |
| 001 |
in00000081243 |
| 005 |
20151008061008.0 |
| 008 |
820327s1981 nyu bi 00010 eng |
| 010 |
|
|
|a 80051418
|
| 020 |
|
|
|a 0878751971
|
| 035 |
|
|
|a (OCoLC)07230839
|
| 035 |
|
|
|9 AAJ7061AM
|
| 040 |
|
|
|a DLC
|c DLC
|d TXA
|d UtOrBLW
|
| 043 |
|
|
|a n-us---
|
| 049 |
|
|
|a TXAM
|c [1673106]
|
| 050 |
0 |
0 |
|a Z6944.N39
|b C35
|
| 090 |
|
|
|a PN4882.5
|b C35 1981
|
| 100 |
1 |
|
|a Campbell, Georgetta Merritt.
|
| 245 |
1 |
0 |
|a Extant collections of early Black newspapers :
|b a research guide to the Black press, 1880-1915, with an index to the Boston Guardian, 1902-1904 /
|c by Georgetta Merritt Campbell.
|
| 264 |
|
1 |
|a Troy, N.Y. :
|b Whitston Pub. Co.,
|c 1981.
|
| 300 |
|
|
|a xxvi, 401 pages ;
|c 24 cm.
|
| 336 |
|
|
|a text
|b txt
|2 rdacontent
|
| 337 |
|
|
|a unmediated
|b n
|2 rdamedia
|
| 338 |
|
|
|a volume
|b nc
|2 rdacarrier
|
| 504 |
|
|
|a Bibliography: pages [394]-401.
|
| 630 |
0 |
0 |
|a Guardian (Boston, Mass.)
|v Indexes.
|
| 650 |
|
0 |
|a African American newspapers
|v Bibliography.
|
| 650 |
|
0 |
|a African American newspapers
|v Library resources.
|
| 730 |
0 |
|
|a Guardian (Boston, Mass.)
|
| 999 |
|
|
|a MARS
|
| 999 |
f |
f |
|s e1e332c6-0d19-3975-af1b-8e9cf6ccf9fc
|i af77ac4f-89d9-3323-9bbf-a2fb776def05
|t 0
|
| 952 |
f |
f |
|p ric
|a Texas A&M University
|b Rellis Campus
|c Joint Library Facility
|d Remote Storage
|t 0
|e PN4882.5 C35 1981
|h Library of Congress classification
|i unmediated -- volume
|m A14826961776
|
| 998 |
f |
f |
|a PN4882.5 C35 1981
|t 0
|l Remote Storage
|